000 00450nam a2200193Ia 4500
003 OSt
005 20260223122754.0
008 220613s9999||||xx |||||||||||||| ||und||
020 _a9789352706907
040 _cSRHU
082 _a614.44
100 _aApurba S Sastry
245 0 _aEssentials of Infection Control
250 _a1st(2019)
260 _bJaypee Brothers Medical
300 _a531
650 _aMicrobiology
942 _cPARAC
999 _c12441
_d12441